000 00376nam a2200133Ia 4500
008 151001s9999||||xx |||||||||||||| ||und||
100 _aश्रीराम पंचींद्रे
245 _aभष्ट्रासुराच्या कथा
250 _a1
260 _bराजश्री
260 _c2002
300 _a174
365 _b21
999 _c980753
_d980750